| 000 | 01197cam a2200277 a 4500 | ||
|---|---|---|---|
| 005 | 20150619070820.0 | ||
| 008 | 150619s2015 ck abd fr 000 0 spa d | ||
| 020 | _a9789587711677 | ||
| 040 |
_aCO-BoUCM _bspa _cJose A. Gerena _dJose A. Gerena |
||
| 041 | 1 | _aspa | |
| 245 | 0 | 0 |
_aFactores de riesgo asociados a lesiones causadas por el tránsito y propuesta de intervenciones para el contexto colombiano _cJorge Martín Rodríguez Hernández...[y otros] |
| 260 |
_aBogotá (Colombia) _bPontificia Universidad Javeriana _c2015 |
||
| 300 |
_a285 páginas _bilustraciones, mapas, cuadros, gráficas |
||
| 504 | _aIncluye referencias bibliográficas | ||
| 650 | 7 |
_aTránsito _zColombia _98177 |
|
| 650 | 7 |
_aAccidentes de tránsito _zColombia _98313 |
|
| 650 | 7 |
_aSeguridad vial _zColombia _924120 |
|
| 650 | 7 |
_aPrevención de accidentes _zColombia _922268 |
|
| 651 | 4 |
_aColombia _xTránsito _969734 |
|
| 690 |
_942900 _aProblemas sociales |
||
| 700 | 1 |
_aRodríguez Hernández, Jorge Martín _969735 |
|
| 700 | 1 |
_aPeñaloza Quintero, Rolando Enrique _969736 |
|
| 700 | 1 |
_aAriza Ruiz, Liany Katerin _969737 |
|
| 942 |
_2DEWEY _a5 _cLIBRO _e1 _h363.12 _mF142 |
||
| 999 |
_c300011 _d300011 |
||